|
|
|
|
| LEADER |
00000nam a22000005a 4500 |
| 001 |
vtls001467892 |
| 003 |
SK-MaSNL |
| 005 |
20260301163544.0 |
| 008 |
160624s2003 xo fru 00000 slo |
| 035 |
|
|
|a SNK000423197
|
| 040 |
|
|
|a SNK
|b slo
|c SNK
|e AACR2
|
| 041 |
1 |
|
|a slo
|h eng
|
| 044 |
|
|
|a xo
|c SK
|
| 046 |
|
|
|a m
|m 20031101 (účin.)
|n [20091229 (zruš.)]
|
| 084 |
|
|
|a 53.020.99
|2 ICS
|
| 130 |
0 |
|
|a STN 27 5012 (STN EN 1756-1) [neplatná]
|9 529720
|
| 245 |
1 |
0 |
|a STN EN 1756-1: 2003 (27 5012) [neplatná], Zdvíhacie čelá. Plošinové čelá používané na kolesových vozidlách. Bezpečnostné požiadavky
|n Časť 1
|p Nákladné zdvíhacie čelá
|
| 246 |
1 |
0 |
|a Zdvíhacie čelá
|
| 246 |
1 |
0 |
|a Plošinové čelá používané na kolesových vozidlách
|
| 246 |
1 |
0 |
|a Bezpečnostné požiadavky
|
| 246 |
1 |
0 |
|a Nákladné zdvíhacie čelá
|
| 246 |
3 |
0 |
|a EN 1756-1: 2001
|
| 260 |
|
|
|a Bratislava
|b Slovenský ústav technickej normalizácie
|c 2003
|
| 500 |
|
|
|a Táto norma nahrádza anglické znenie STN EN 1756-1 z mája 2003 v celom rozsahu
|
| 500 |
|
|
|a [Norma je nahradená normou STN EN 1756-1+A1 z júla 2008 a môže sa s ňou súbežne používať do 29.12.2009]
|
| 540 |
|
|
|a STN vydané na akomkoľvek nosiči sa môžu rozmnožovať a rozširovať iba so súhlasom určenej právnickej osoby
|b SÚTN Bratislava
|c zákon 264/1999 Z. z.
|
| 650 |
0 |
7 |
|a technické normy a štandardy
|z Slovensko
|2 SNKPH
|9 79594
|
| 650 |
0 |
7 |
|a technické normy a štandardy
|z krajiny Európskej únie
|2 SNKPH
|9 289341
|
| 655 |
|
7 |
|a normy
|2 SNK
|9 70643
|
| 710 |
2 |
|
|a Slovenský ústav technickej normalizácie
|9 32706
|
| 958 |
|
|
|a OP
|
| 999 |
|
|
|c 817382
|d 819312
|
| 952 |
|
|
|t P60, <03>, [BOOK], {603}
|a SNK
|b SNK
|y PREZ
|7 0
|p 17A0410990
|o snkSTN EN 1756-1
|i snkN 108/2004
|0 0
|1 0
|4 0
|d 2004-02-06
|l 0
|r 2005-01-02 00:00:00
|w 2026-02-24
|
| 952 |
|
|
|t P66, <07>, [BOOK], {667}
|a SNK
|b SNK
|y PREZ
|7 0
|p 17A0410991
|o snkSTN EN 1756-1 D1
|i snkN 109/2004
|0 0
|1 0
|4 0
|d 2004-02-06
|l 0
|r 2005-01-02 00:00:00
|w 2026-02-24
|